[Event "EU-ch U18 Girls 23rd"]
[Site "Budva"]
[Date "2013.10.08"]
[Round "9"]
[White "Zamanova, Bikakhanim Rufat"]
[Black "Skuhala, Barbara"]
[Result "1-0"]
[WhiteElo "1791"]
[BlackElo "1885"]
[PlyCount "121"]
[EventDate "2013.09.29"]
[EventType "swiss"]
[EventRounds "9"]
[EventCountry "MNE"]
[SourceTitle "CBM 156 Extra"]
[Source "ChessBase"]
[SourceDate "2013.10.22"]
[SourceVersion "1"]
[SourceVersionDate "2013.10.22"]
[SourceQuality "1"]

1. e4 c5 2. Nf3 d6 3. d4 cxd4 4. Nxd4 Nf6 5. Nc3 a6 6. Bg5 e6 7. f3 Be7 8. Be3 0-0 9. Qd2 Qc7 10. g4 Nc6 11. 0-0-0 Nxd4 12. Bxd4 e5 13. Be3 Be6 14. Nd5 Bxd5 15. exd5 Rac8 16. c3 b5 17. Kb1 Qb7 18. h4 Bd8 19. h5 Bb6 20. Bxb6 Qxb6 21. g5 Ne8 22. Bh3 Rc7 23. g6 Nf6 24. gxf7+ Kxf7 25. Be6+ Ke8 26. Qd3 Kd8 27. b3 Qc5 28. Rc1 a5 29. c4 b4 30. Rc2 Ra7 31. Rg2 h6 32. Qc2 Qe3 33. Qe2 Qc5 34. Qd3 Ne8 35. Rhg1 a4 36. bxa4 Rxa4 37. Rc1 Ra7 38. Rb2 Nc7 39. Bg4 Na6 40. Qg6 Qc7 41. Qc2 Rb7 42. Ka1 Nc5 43. Rcb1 b3 44. Rxb3 Nxb3+ 45. Rxb3 Rxb3 46. axb3 Qe7 47. Kb2 e4 48. Qxe4 Qf6+ 49. Ka3 Kc7 50. Qe1 Ra8+ 51. Kb4 Rb8+ 52. Ka3 Kd8 53. Bh3 Qxf3 54. Qa5+ Ke8 55. Qa4+ Kf8 56. Be6 Qc3 57. Ka2 Qc2+ 58. Ka1 Qxb3 59. Qxb3 Rxb3 60. Bd7 Rh3 61. Bxh3 1-0

[Event "EU-ch U18 Girls 23rd"]
[Site "Budva"]
[Date "2013.10.07"]
[Round "8"]
[White "Zamanova, Bikakhanim Rufat"]
[Black "Nikolovska, Dragana"]
[Result "0-1"]
[WhiteElo "1791"]
[BlackElo "1861"]
[PlyCount "92"]
[EventDate "2013.09.29"]
[EventType "swiss"]
[EventRounds "9"]
[EventCountry "MNE"]
[SourceTitle "CBM 156 Extra"]
[Source "ChessBase"]
[SourceDate "2013.10.22"]
[SourceVersion "1"]
[SourceVersionDate "2013.10.22"]
[SourceQuality "1"]

1. e4 c5 2. Nf3 d6 3. d4 cxd4 4. Nxd4 Nf6 5. Nc3 Bd7 6. Be3 Ng4 7. Qd2 Nxe3 8. Qxe3 g6 9. Bc4 Bg7 10. 0-0-0 0-0 11. f3 Nc6 12. Nxc6 bxc6 13. g4 Qa5 14. Ne2 Rab8 15. c3 c5 16. a3 Ba4 17. Rd2 Bb3 18. Bxb3 Rxb3 19. h4 Rfb8 20. Rc2 Qb6 21. Kd2 Rxb2 22. Rhc1 Qa5 23. h5 Qxa3 24. hxg6 Rxc2+ 25. Rxc2 hxg6 26. f4 Rb2 27. e5 a5 28. exd6 exd6 29. Qe8+ Bf8 30. f5 Rxc2+ 31. Kxc2 Qa2+ 32. Kd1 Qd5+ 33. Ke1 gxf5 34. gxf5 Qxf5 35. Qa4 Bh6 36. Qxa5 Be3 37. Qa8+ Kg7 38. Qg2+ Qg6 39. Qxg6+ fxg6 40. Ng3 Kf6 41. Ke2 Bf4 42. Ne4+ Kf5 43. Kf3 g5 44. Nf2 d5 45. Nd3 g4+ 46. Kf2 c4 0-1

[Event "EU-ch U18 Girls 23rd"]
[Site "Budva"]
[Date "2013.10.01"]
[Round "3"]
[White "Turk, Tajana"]
[Black "Zamanova, Bikakhanim Rufat"]
[Result "1-0"]
[WhiteElo "1936"]
[BlackElo "1791"]
[PlyCount "109"]
[EventDate "2013.09.29"]
[EventType "swiss"]
[EventRounds "9"]
[EventCountry "MNE"]
[SourceTitle "CBM 156 Extra"]
[Source "ChessBase"]
[SourceDate "2013.10.22"]
[SourceVersion "1"]
[SourceVersionDate "2013.10.22"]
[SourceQuality "1"]

1. d4 Nf6 2. Nf3 e6 3. g3 d5 4. Bg2 c5 5. c3 Nc6 6. 0-0 b6 7. Bf4 Be7 8. Nbd2 Nh5 9. Be3 c4 10. Ne5 Nxe5 11. dxe5 g6 12. Nxc4 0-0 13. g4 Ng7 14. Bf4 Ba6 15. Nd2 Bg5 16. Bg3 h5 17. h3 Rc8 18. Nf3 Be7 19. Re1 Qc7 20. Qd2 Kh7 21. Ng5+ Kg8 22. e4 Qd8 23. Bf4 dxe4 24. Nxe4 Qxd2 25. Bxd2 Rfd8 26. Bf4 hxg4 27. hxg4 Ne8 28. Rad1 Rxd1 29. Rxd1 Rd8 30. Rd4 Rxd4 31. cxd4 Nc7 32. Nc3 Nb5 33. Bf1 Nxc3 34. bxc3 Bxf1 35. Kxf1 b5 36. Ke2 Kf8 37. Kd3 Ke8 38. c4 bxc4+ 39. Kxc4 a6 40. Bd2 Kd7 41. d5 exd5+ 42. Kxd5 Bd8 43. f4 Bb6 44. f5 gxf5 45. gxf5 Bf2 46. a4 Bb6 47. Bb4 a5 48. Bc5 Bd8 49. Bd4 Bc7 50. Kc5 Bd8 51. Kb5 Bc7 52. Bc3 Ke7 53. Kc6 Bd8 54. Bd4 Ke8 55. f6 1-0

[Event "World School-ch U17 Girls 9th"]
[Site "Porto Carras"]
[Date "2013.05.12"]
[Round "7"]
[White "Zamanova, Bikakhanim Rufat"]
[Black "Dragieva, Denitza"]
[Result "1/2-1/2"]
[WhiteElo "1785"]
[BlackElo "2074"]
[PlyCount "117"]
[EventDate "2013.05.07"]
[EventType "swiss"]
[EventRounds "9"]
[EventCountry "GRE"]
[SourceTitle "CBM 154 Extra"]
[Source "ChessBase"]
[SourceDate "2013.06.25"]
[SourceVersion "2"]
[SourceVersionDate "2013.06.25"]
[SourceQuality "1"]

1. e4 e5 2. Nf3 Nc6 3. Bb5 a6 4. Ba4 Nf6 5. 0-0 Be7 6. Re1 b5 7. Bb3 d6 8. c3 0-0 9. h3 Na5 10. Bc2 c5 11. d4 Qc7 12. d5 Bd7 13. Nbd2 Rfe8 14. Nf1 g6 15. g4 h5 16. g5 Nh7 17. h4 Qd8 18. Kh1 f6 19. N1h2 fxg5 20. Nxg5 Nxg5 21. Rg1 Kh7 22. Bxg5 Rf8 23. Qe2 Bxg5 24. Rxg5 Qf6 25. Rag1 Be8 26. f3 Nc4 27. b3 Nb6 28. Bd1 Nc8 29. Qg2 Ne7 30. Nf1 Kh6 31. Qh3 Ra7 32. Ne3 Bd7 33. Qh2 Qf4 34. Qxf4 Rxf4 35. Ng2 Rf6 36. Kh2 Ra8 37. Be2 Raf8 38. Ne1 a5 39. Nd3 b4 40. c4 a4 41. Nxe5 dxe5 42. Rxe5 Nc8 43. Reg5 Be8 44. e5 Rf4 45. Kg3 Rd4 46. Kf2 Rd2 47. d6 Rf5 48. Ke3 Rd4 49. Rxf5 gxf5 50. Bd3 f4+ 51. Ke2 Nxd6 52. exd6 Rxd6 53. Rg5 axb3 54. axb3 Bg6 55. Rxg6+ Rxg6 56. Bxg6 Kxg6 57. Kd2 Kf5 58. Ke2 Ke5 59. Kd3 1/2-1/2

[Event "EU-ch U14 Girls"]
[Site "Batumi"]
[Date "2010.09.28"]
[Round "9"]
[White "Zamanova, Bikakhanim Rufat"]
[Black "Visanescu, Daria Ioana"]
[Result "0-1"]
[WhiteElo "1788"]
[BlackElo "1924"]
[PlyCount "56"]
[EventDate "2010.09.20"]
[EventType "swiss"]
[EventRounds "9"]
[EventCountry "GEO"]
[SourceTitle "CBM 138 Extra"]
[Source "ChessBase"]
[SourceDate "2010.10.29"]
[SourceVersion "1"]
[SourceVersionDate "2010.10.29"]
[SourceQuality "1"]

1. e4 c5 2. Nf3 g6 3. d4 cxd4 4. Nxd4 Bg7 5. Nc3 Nc6 6. Be3 d6 7. Qd2 Nf6 8. f3 0-0 9. Bc4 Bd7 10. 0-0-0 Na5 11. Be2 Rc8 12. g4 Nc4 13. Bxc4 Rxc4 14. h4 h5 15. gxh5 Nxh5 16. Kb1 b5 17. Ncxb5 Bxb5 18. Nxb5 Bxb2 19. Kxb2 Qb8 20. Qa5 a6 21. a4 axb5 22. axb5 Rfc8 23. Rd2 Qb7 24. Ra1 Nf6 25. b6 Nxe4 26. Re2 Qc6 27. Bd4 Rxc2+ 28. Kb1 Rxe2 0-1

[Event "EU-ch U14 Girls"]
[Site "Batumi"]
[Date "2010.09.27"]
[Round "8"]
[White "Zamanova, Bikakhanim Rufat"]
[Black "Dragieva, Denitza"]
[Result "1-0"]
[WhiteElo "1788"]
[BlackElo "1803"]
[PlyCount "99"]
[EventDate "2010.09.20"]
[EventType "swiss"]
[EventRounds "9"]
[EventCountry "GEO"]
[SourceTitle "CBM 138 Extra"]
[Source "ChessBase"]
[SourceDate "2010.10.29"]
[SourceVersion "1"]
[SourceVersionDate "2010.10.29"]
[SourceQuality "1"]

1. e4 e5 2. Nf3 Nc6 3. Bb5 a6 4. Bxc6 dxc6 5. 0-0 f6 6. d4 exd4 7. Nxd4 Bd6 8. Be3 Ne7 9. Nd2 0-0 10. Nc4 Bc5 11. Nxc6 Nxc6 12. Bxc5 Re8 13. f3 Be6 14. Nd2 Nd4 15. c3 Nb5 16. a4 Nd6 17. Bxd6 Qxd6 18. Qc2 Qb6+ 19. Kh1 Rad8 20. Rad1 a5 21. c4 Qb4 22. b3 Rd6 23. Nb1 Red8 24. Rxd6 Qxd6 25. Nc3 Qd3 26. Qc1 Rd6 27. h3 Bxh3 28. gxh3 Rb6 29. Nd5 Rxb3 30. Kg2 c6 31. Nf4 Qc3 32. Qxc3 Rxc3 33. Rb1 Rxc4 34. Rxb7 f5 35. Ne6 fxe4 36. Rxg7+ Kh8 37. Ra7 exf3+ 38. Kxf3 h6 39. Rxa5 Rc3+ 40. Kg4 Kg8 41. Ra7 Re3 42. Nf4 Ra3 43. a5 c5 44. a6 c4 45. Ra8+ Kg7 46. Nd5 c3 47. Ne3 Ra2 48. a7 Kh7 49. Kf5 Ra3 50. Nc2 1-0

[Event "EU-ch U14 Girls"]
[Site "Batumi"]
[Date "2010.09.22"]
[Round "3"]
[White "Cemhan, Kardelen"]
[Black "Zamanova, Bikakhanim Rufat"]
[Result "0-1"]
[WhiteElo "1813"]
[BlackElo "1788"]
[PlyCount "90"]
[EventDate "2010.09.20"]
[EventType "swiss"]
[EventRounds "9"]
[EventCountry "GEO"]
[SourceTitle "CBM 138 Extra"]
[Source "ChessBase"]
[SourceDate "2010.10.29"]
[SourceVersion "1"]
[SourceVersionDate "2010.10.29"]
[SourceQuality "1"]

1. e4 c5 2. Nf3 Nc6 3. d4 cxd4 4. Nxd4 Nf6 5. Nc3 e5 6. Ndb5 d6 7. Nd5 Nxd5 8. exd5 Ne7 9. c3 Nf5 10. Bd3 Be7 11. Qc2 Nh4 12. 0-0 f5 13. f3 0-0 14. Be3 a6 15. Na3 Bg5 16. Bxg5 Qxg5 17. Nc4 Rf6 18. Qd2 f4 19. Rf2 b5 20. Nb6 Rb8 21. Nxc8 Rxc8 22. a4 Nf5 23. Bxf5 Qxf5 24. axb5 axb5 25. Qe2 Rc5 26. Qe4 Qc8 27. Rd2 Qb7 28. Kf1 Rf8 29. Ke2 g6 30. g3 Qc8 31. g4 Rc4 32. Qd3 e4 33. Qb1 Qc5 34. fxe4 Qe3+ 35. Kd1 Rxe4 36. Qd3 Qxd3 37. Rxd3 f3 38. Kc2 f2 39. Rdd1 Rxg4 40. Kd3 Rg2 41. Rh1 Rf5 42. Ke4 h5 43. b3 Rg4+ 44. Ke3 Rgf4 45. Rhf1 Rf3+ 0-1

[Event "EU-ch U14 Girls"]
[Site "Batumi"]
[Date "2010.09.21"]
[Round "2"]
[White "Zamanova, Bikakhanim Rufat"]
[Black "Kaliadzich, Maryia"]
[Result "0-1"]
[WhiteElo "1788"]
[BlackElo "1866"]
[PlyCount "62"]
[EventDate "2010.09.20"]
[EventType "swiss"]
[EventRounds "9"]
[EventCountry "GEO"]
[SourceTitle "CBM 138 Extra"]
[Source "ChessBase"]
[SourceDate "2010.10.29"]
[SourceVersion "1"]
[SourceVersionDate "2010.10.29"]
[SourceQuality "1"]

1. e4 c5 2. c3 d5 3. exd5 Qxd5 4. d4 e6 5. Nf3 Nc6 6. c4 Qd8 7. d5 exd5 8. cxd5 Nb4 9. Bc4 Bf5 10. 0-0 Bd6 11. Na3 Ne7 12. Bg5 f6 13. Be3 a6 14. Re1 b5 15. Bf1 0-0 16. Qd2 Nexd5 17. Rad1 Qc7 18. Nb1 Rad8 19. a3 Nxe3 20. Qxe3 Nc2 21. Qc1 Nxe1 22. Rxe1 Bg4 23. h3 Bxf3 24. gxf3 Bh2+ 25. Kh1 Rfe8 26. Nc3 Bf4 27. Rxe8+ Rxe8 28. Qc2 Qe5 29. Ne4 c4 30. Kg2 f5 31. Nc3 Rd8 0-1